000
00310nam a22001337a 4500
008
170831b xxu||||| |||| 00| 0 eng d
020
_a
0314042261
041
_a
eng
080
_2
4ED
_a
070
100
_a
40
101
_a
MED
245
_a
COMMUNICATION IN SMALL GROUPS
_c
CRAGAN.J.F
942
_2
udc
_c
BK
999
_c
25713
_d
25713